Human resources development and higher education : (Record no. 143734)

MARC details
000 -LEADER
fixed length control field 00633nam a22001937a 4500
005 - DATE AND TIME OF LATEST TRANSACTION
control field 20170824111144.0
010 ## - LCCN (DPL NO)
LC control number ENG-120012
020 ## - INTERNATIONAL STANDARD BOOK NUMBER
International Standard Book Number 9788184845747
Terms of availability 1480.00
035 ## - SYSTEM CONTROL NUMBER
System control number EN-103544
037 ## - SOURCE OF ACQUISITION
Source of stock number/acquisition DBAD/PUB
082 ## - DEWEY DECIMAL CLASSIFICATION NUMBER
Classification number 370.1150954
245 ## - TITLE STATEMENT
Title Human resources development and higher education :
Remainder of title quality and management /
Statement of responsibility, etc edited by Prankrishna Pal
260 ## - PUBLICATION, DISTRIBUTION, ETC. (IMPRINT)
Place of publication, distribution, etc New Delhi
Name of publisher, distributor, etc Regal Publications
Date of publication, distribution, etc 2016
270 ## - ADDRESS
Address F-159, Rajouri Garden,
City New Delhi
Postal code 110027
300 ## - PHYSICAL DESCRIPTION
Extent ix,340p. :
Other physical details ill.
Dimensions 23cm(Hb)
500 ## - GENERAL NOTE
General note Includes index
700 ## - ADDED ENTRY--PERSONAL NAME
Personal name Pal, Prankrishna
942 ## - ADDED ENTRY ELEMENTS (KOHA)
Source of classification or shelving scheme Dewey Decimal Classification
Item type English Books
Classification part 370.1150954
Call number suffix HUM
Holdings
Withdrawn status Lost status Not for loan Collection code Home library Current library Date acquired Source of acquisition Cost, normal purchase price Full call number Barcode Copy number Cost, replacement price Koha item type
    Not For Loan Non-fiction D.B.Act.Division D.B.Act.Division 24/08/2017 DBAD/PUB 1480.00 370.1150954 HUM EN-103544 1 1480.00 English Books

© Delhi Public Library
Hit Counter
free hit counter